Score 0/30 Timer 08:00
0 Plays Today
Spanish/English/German Full Title in English % Correct
Aire Force EinsAir Force One
93.5%
Norte by NordwestNorth by Northwest
93.2%
Sábado Night FieberSaturday Night Fever
90.8%
Completo Metal JackeFull Metal Jacket
89.3%
Negro Hawk Nach UntenBlack Hawk Down
89.2%
Uno Hour FotoOne Hour Photo
89.1%
Grande Momma's HausBig Momma's House
87.6%
Fritos Green TomatenFried Green Tomatoes
86.9%
Diamantes Are Für ImmerDiamonds Are Forever
85.2%
Pequeña Miss SonnenscheinLittle Miss Sunshine
84.2%
Doce Angry Männer12 Angry Men
83.1%
Domingo Bloody SonntagSunday Bloody Sunday
80.3%
Mira Who's SprechenLook Who's Talking
77.1%
Baila with WölfenDances with Wolves
76.4%
Oeste Side GeschichteWest Side Story
76.3%
Spanish/English/German Full Title in English % Correct
Feliz Feet ZweiHappy Feet Two
76.3%
Caballeros Prefer BlondinenGentlemen Prefer Blondes
75.1%
Hombres in SchwarzMen in Black
70.5%
Caminar the LinieWalk the Line
69.4%
Malo News BärenBad News Bears
68.9%
Sucios Rotten SchurkenDirty Rotten Scoundrels
67.2%
Muerto Man GehenDead Man Walking
66.8%
Bonita in RosaPretty in Pink
66.7%
Muchachos Don't WeinenBoys Don't Cry
65.6%
Ocho Men AusEight Men Out
62.6%
Vida Is SchönLife Is Beautiful
59.6%
Paga It VorwärtsPay It Forward
56.8%
Perro Day NachmittagDog Day Afternoon
55.9%
Cinco Easy StückeFive Easy Pieces
51.7%
Casa of WachsHouse of Wax
50%
Remove Ads.
Support Sporcle.
Get the best of Sporcle when you Go Orange. This ad-free experience offers more features, more stats, and more fun while also helping to support Sporcle. Thank you for becoming a member.

You're not logged in!

Compare scores with friends on all Sporcle quizzes.
OR
Log In

Show Comments

Extras

Top Quizzes Today


Score Distribution

Your Account Isn't Verified!

In order to create a playlist on Sporcle, you need to verify the email address you used during registration. Go to your Sporcle Settings to finish the process.

Report this User

Report this user for behavior that violates our Community Guidelines.

Details: